Büyük harbin tarihi Çanakkale Gelibolu askeri harekâtı : (Record no. 14096)

MARC details
000 -BAŞLIK
Sabit Uzunlukta Kontrol Alanı 01212nam a22003137a 4500
999 ## - SİSTEM KONTROL NUMARALARI (KOHA)
Koha Biblionumber 14096
Koha Biblioitemnumber 14096
003 - KONTROL NUMARASI IDENTIFIER
Denetim Alanı MIRAKIL
005 - SON İŞLEM TARİHİ VE ZAMANI
Denetim Alanı 20201012130908.0
008 - SABİT-BOY VERİ ELEMANLARI - GENEL BİLGİLER
Sabit Uzunlukta Kontrol Alanı 201012b tu ||||| |||| 00| 0 tur d
020 ## - ULUSLARARASI STANDART KİTAP NUMARASI
Uluslararası Standart Kitap Numarası 9757336440 (t.k.)
020 ## - ULUSLARARASI STANDART KİTAP NUMARASI
Uluslararası Standart Kitap Numarası 9757336467 (2 c.)
040 ## - KATALOGLAMA KAYNAK
Orijinal Kataloglama Ajansı TR-AnCHP
Metne Dönüştürmek Ajansı TR-AnCHP
041 ## - DİL KODU
Metin / Ses Parça Veya Ayrı Başlığın Dil Kodu tur
082 ## - DEWEY ONLU SINIFLANDIRMA NUMARASI
Sınıflandırma Numarası 956.101543
Ürün Numarası A76b 2005
100 ## - ANA GİRİŞ - KİŞİSEL İSİM
Kişisel Ad Aspinall-Oglander, C. F.
245 10 - BAŞLIK TABLOSU
Başlık Büyük harbin tarihi Çanakkale Gelibolu askeri harekâtı :
Başlığın Kalan 1915 Mayısından tahliyeye kadar /
Sorumluluk Tablosu, Vb C.F. Aspinall-Oglander ; yayına hazırlayan: Metin Martı.
246 ## - UNVAN FORM VARYING
Başlık Doğru / Kısa Başlığı 1915 Mayısından tahliyeye kadar
250 ## - EDITION TABLOSU
Baskı Beyanı 2 bs.
260 ## - YAYIN, DAĞITIM, VB
Yayın, Dağıtım, Vb Yeri İstanbul:
Yayıncı, Dağıtıcı, Vs Adı Arma yayınları,
Yayın, Dağıtım, Vb Tarihi 2005.
300 ## - FİZİKSEL TANIM
Kapsam 629 s.:
Diğer Fiziksel Ayrıntıları hrt.;
Boyutlar 19 sm.
490 0# - SERİSİ TABLOSU
Seri Beyanı Arma yayınları;
-- Tarih/Anı;
Hacim / Ardışık Tanımı 53.
-- 27.
504 ## - KAYNAKÇA VB NOT
Kaynakça Vb Notu Bibliyografik bilgi içerir.
650 #0 - KONU KATMA GİRİŞ - TOPİKAL DÖNEM
9 (RLIN) 5657
Topikal Süreli Veya Coğrafi Ad Giriş Elemanı Birinci Dünya savaşı
Genel Alt Bölümü Tarih
Kronolojik Alt Bölümü 1914-1918
Coğrafi Alt Bölümü Türkiye
650 #0 - KONU KATMA GİRİŞ - TOPİKAL DÖNEM
9 (RLIN) 5121
Topikal Süreli Veya Coğrafi Ad Giriş Elemanı Çanakkale savaşı
Genel Alt Bölümü Tarih
Kronolojik Alt Bölümü 1915
Coğrafi Alt Bölümü Türkiye
651 #0 - KONU KATMA GİRİŞ - COĞRAFİ ADI
9 (RLIN) 6545
Coğrafi İsim Çanakkale (Türkiye)
Genel Alt Bölümü Tarih
700 ## - KATMA GİRİŞ - KİŞİSEL İSİM
9 (RLIN) 6544
Kişisel Ad Martı, Metin
Relator Terim yay.haz.
740 ## - KATMA GİRİŞ - KONTROLSUZ İLGİLİ / ANALİTİK BAŞLIK
Kontrol Edilmeyen / İlgili Analitik Başlıktaki 1915 Mayısından tahliyeye kadar
856 ## - ELEKTRONİK YER VE ERİŞİM
Kamu Notu Dijital Nüshası için Partimizin Kütüphane Sorumlusu ile iletişime geçiniz.
942 ## - EKLENDİ GİRİŞ ELEMANLARI (KOHA)
Sınıflandırma Veya Raf Düzeni Kaynak Dewey Decimal Classification
Koha Öğesi Türü Books
Holdings
Kalıcı Konum Mevcut Konum Edinme Tarihi Seri Numaralandırma / Kronolojik Toplam Check-Out'Lar Tam Çağrı Numarası Barkod Tarih Son Görülme İtibaren Geçerli Fiyatlar Sigara Kamu Notu Koha Öğesi Türü
CHP Kütüphanesi CHP Kütüphanesi 10/12/2020 c.2   956.101543 A76b 2005 019602 10/12/2020 10/12/2020 Emine Başak Alkan Bağışıdır. Books